Eastern Utah Libraries Catalog: Duchesne, Heber, Roosevelt, & Vernal

The in-laws (Record no. 262287)

MARC details
000 -LEADER
fixed length control field 03367ngm a2200721Ia 4500
001 - CONTROL NUMBER
control field ocm52003706
003 - CONTROL NUMBER IDENTIFIER
control field OCoLC
005 - DATE AND TIME OF LATEST TRANSACTION
control field 20200320181030.0
007 - PHYSICAL DESCRIPTION FIXED FIELD--GENERAL INFORMATION
fixed length control field vd cvaizm
008 - FIXED-LENGTH DATA ELEMENTS--GENERAL INFORMATION
fixed length control field 030409p20031979cau103 g vleng d
020 ## - INTERNATIONAL STANDARD BOOK NUMBER
International Standard Book Number 0790775638
020 ## - INTERNATIONAL STANDARD BOOK NUMBER
Terms of availability 21.95
024 10 - OTHER STANDARD IDENTIFIER
Standard number or code 085392387823
028 42 - PUBLISHER NUMBER
Publisher number 23878
Source Warner Home Video
037 ## - SOURCE OF ACQUISITION
Source of stock number/acquisition Midwest Tape (http://www.midwesttapes.com)
040 ## - CATALOGING SOURCE
Original cataloging agency TEF
Transcribing agency TEF
Modifying agency JED
-- OCLCQ
-- WACOL
041 1# - LANGUAGE CODE
Language code of text/sound track or separate title eng
-- fre
-- spa
Language code of original and/or intermediate translations of text eng
-- eng
043 ## - GEOGRAPHIC AREA CODE
Geographic area code n-us---
-- cl-----
049 ## - LOCAL HOLDINGS (OCLC)
Holding library WACL
050 #4 - LIBRARY OF CONGRESS CALL NUMBER
Classification number PN1997
Item number .I543 1979
082 04 - DEWEY DECIMAL CLASSIFICATION NUMBER
Classification number 791.43/72
Edition number 21
092 ## - LOCALLY ASSIGNED DEWEY CALL NUMBER (OCLC)
Classification number DVD
Item number In
130 0# - MAIN ENTRY--UNIFORM TITLE
Uniform title In-laws (Motion picture : 1979)
9 (RLIN) 5831922
245 14 - TITLE STATEMENT
Title The in-laws
Medium [videorecording] /
Statement of responsibility, etc Warner Bros. ; producers, Arthur Hiller, William Sackheim ; writer, Andrew Bergman ; director, Arthur Hiller.
260 ## - PUBLICATION, DISTRIBUTION, ETC. (IMPRINT)
Place of publication, distribution, etc Burbank, CA :
Name of publisher, distributor, etc Warner Home Video,
Date of publication, distribution, etc [2003], c1979.
300 ## - PHYSICAL DESCRIPTION
Extent 1 videodisc (103 min.) :
Other physical details sd., col. ;
Dimensions 4 3/4 in.
538 ## - SYSTEM DETAILS NOTE
System details note DVD, mono, region 1 encoding.
546 ## - LANGUAGE NOTE
Language note English, French or Spanish dialogue, French, Portuguese or Spanish subtitles; Closed-captioned.
511 1# - PARTICIPANT OR PERFORMER NOTE
Participant or performer note Peter Falk, Alan Arkin, Richard Libertini, Nancy Dussault, Penny Peyser, Arlene Golonka, Michael Lembeck, Paul L. Smith, Carmine Caridi.
508 ## - CREATION/PRODUCTION CREDITS NOTE
Creation/production credits note Director of photography, David M. Walsh ; editor, Robert Swink ; original music, John Morris ; production designer, Pato Guzman.
500 ## - GENERAL NOTE
General note Originally produced as a motion picture in 1979.
521 8# - TARGET AUDIENCE NOTE
Target audience note MPAA rating: PG.
530 ## - ADDITIONAL PHYSICAL FORM AVAILABLE NOTE
Additional physical form available note Also issued on VHS.
520 ## - SUMMARY, ETC.
Summary, etc Dentist Sheldon Kornpett is a respectable man. He has a daughter who is about to marry the son of a very suspicious character, Vince Ricardo. Nonetheless, Vince calls on Sheldon and convinces him to go with him on a series of adventures, claiming all the while that he is a CIA agent, and that what he is doing is in national interest. Sheldon follows Vince to a South American country ruled by a very odd man, General Garcia, who talks to his hand. It seems that the dictator is involved in a scheme to counterfeit and undermine U.S. currency.
650 #0 - SUBJECT ADDED ENTRY--TOPICAL TERM
Topical term or geographic name as entry element Dentists
Geographic subdivision United States
Form subdivision Drama.
9 (RLIN) 5831923
650 #0 - SUBJECT ADDED ENTRY--TOPICAL TERM
Topical term or geographic name as entry element Dictators
Geographic subdivision Latin America
Form subdivision Drama.
9 (RLIN) 5831924
650 #0 - SUBJECT ADDED ENTRY--TOPICAL TERM
Topical term or geographic name as entry element Money
Geographic subdivision United States
Form subdivision Drama.
9 (RLIN) 5831925
650 #0 - SUBJECT ADDED ENTRY--TOPICAL TERM
Topical term or geographic name as entry element Feature films.
9 (RLIN) 5831926
655 #0 - INDEX TERM--GENRE/FORM
Genre/form data or focus term Comedy films.
9 (RLIN) 102658
655 #0 - INDEX TERM--GENRE/FORM
Genre/form data or focus term Video recordings for the hearing impaired.
9 (RLIN) 5831927
700 1# - ADDED ENTRY--PERSONAL NAME
Personal name Hiller, Arthur.
9 (RLIN) 33129
700 1# - ADDED ENTRY--PERSONAL NAME
Personal name Sackheim, William.
9 (RLIN) 61224
700 1# - ADDED ENTRY--PERSONAL NAME
Personal name Bergman, Andrew.
9 (RLIN) 10057
700 1# - ADDED ENTRY--PERSONAL NAME
Personal name Falk, Peter,
Dates associated with a name 1927-
9 (RLIN) 24492
700 1# - ADDED ENTRY--PERSONAL NAME
Personal name Arkin, Alan.
9 (RLIN) 7891
700 1# - ADDED ENTRY--PERSONAL NAME
Personal name Libertini, Richard.
9 (RLIN) 5749817
700 1# - ADDED ENTRY--PERSONAL NAME
Personal name Dussault, Nancy.
9 (RLIN) 59471
700 1# - ADDED ENTRY--PERSONAL NAME
Personal name Peyser, Penny.
9 (RLIN) 5831928
700 1# - ADDED ENTRY--PERSONAL NAME
Personal name Golonka, Arlene.
9 (RLIN) 64830
700 1# - ADDED ENTRY--PERSONAL NAME
Personal name Lembeck, Michael.
9 (RLIN) 43335
700 1# - ADDED ENTRY--PERSONAL NAME
Personal name Smith, Paul,
Dates associated with a name 1939-
9 (RLIN) 5831929
700 1# - ADDED ENTRY--PERSONAL NAME
Personal name Caridi, Carmine,
Dates associated with a name 1933-
9 (RLIN) 5831930
700 1# - ADDED ENTRY--PERSONAL NAME
Personal name Walsh, David M.
9 (RLIN) 5831931
700 1# - ADDED ENTRY--PERSONAL NAME
Personal name Swink, Robert.
9 (RLIN) 5831932
700 1# - ADDED ENTRY--PERSONAL NAME
Personal name Morris, John.
9 (RLIN) 1696
700 1# - ADDED ENTRY--PERSONAL NAME
Personal name Guzman, Pato.
9 (RLIN) 5831933
710 2# - ADDED ENTRY--CORPORATE NAME
Corporate name or jurisdiction name as entry element Warner Bros.
9 (RLIN) 12114
710 2# - ADDED ENTRY--CORPORATE NAME
Corporate name or jurisdiction name as entry element Warner Home Video (Firm)
9 (RLIN) 61103
942 ## - ADDED ENTRY ELEMENTS (KOHA)
Koha item type DVD
948 ## - LOCAL PROCESSING INFORMATION (OCLC); SERIES PART DESIGNATOR (RLIN)
Series part designator, SPT (RLIN) 02/22/2006
z (OCLC) Sirsi
994 ## -
-- 02
-- WACOL
996 ## -
-- 46465
-- 34301000508699
-- DVD
-- DVD
-- wcl
-- i
-- 128
-- 19.95
-- Amazon.com
-- Inl
-- 02/22/2006
-- 10/25/2019
-- 10/18/2019
Holdings
Withdrawn status Lost status Source of classification or shelving scheme Damaged status Not for loan Collection code Home library Current library Shelving location Date acquired Source of acquisition Cost, normal purchase price Total Checkouts Total Renewals Full call number Barcode Date last seen Date checked out Cost, replacement price Price effective from Koha item type
    Dewey Decimal Classification     Movies Wasatch County Library Wasatch County Library Audio Visual Area 02/22/2006 Amazon 19.95 130 2 DVD Inl 34301000508699 03/07/2024 08/02/2023 19.95 03/20/2020 DVD
This project was made possible through a grant from the Institute of Museum and Library Service administered by the Utah State Library Division.

Wasatch County Library

  • 465 East 1200 South, Heber City, Utah 84032
  • Phone 435-654-1511 | Fax 435-654-6456

Hours

  • Monday - Friday 9:30 AM - 8:00 PM
  • Saturday 9:30 AM - 1:30 PM
  • Closed Sundays and Holidays